| 000 | 00420cam a22001457a 4500 | ||
|---|---|---|---|
| 008 | 180718b xxu||||| |||| 00| 0 eng d | ||
| 082 | _aZ211 K897kh | ||
| 100 | _aKrishnamurthy, K.H. | ||
| 245 |
_aKhas, kesar, nagakesar and khaskhas _cby K.H. Krishnamurthy |
||
| 260 |
_aDelhi _bBooks For All _c |
||
| 300 | _a92p. | ||
| 440 | _aHealth series: traditional family medicine | ||
| 650 | _aMedicine | ||
| 650 | _aFamily medicine | ||
| 999 |
_c400435 _d400435 |
||